Relační marketing: více než informační systém
Relačný marketing - spôsob starostlivosti o zákazníka - je zameraný na rozvoj trhových vzťahov alebo vzťahov k zákazníkovi. Špecifiká, účinnosť, postupy, "direct marketing". Nákup osvedčeného prispôsobeného softwarového produktu, naplnenie podnikovými údajmi, osvojenie pracovníkmi. Funkcie relačného...
Guardado en:
| Autor principal: | |
|---|---|
| Formato: | Capítulo de libro |
| Lenguaje: | checo |
| Materias: | |
| Etiquetas: |
Sin Etiquetas, Sea el primero en etiquetar este registro!
|
MARC
| LEADER | 00000naa a2200000 4500 | ||
|---|---|---|---|
| 001 | r016240 | ||
| 005 | 20221205090509.3 | ||
| 041 | 0 | |a cze | |
| 044 | |a CZ | ||
| 245 | 1 | 0 | |a Relační marketing: více než informační systém |c J. Jelínek |
| 520 | |a Relačný marketing - spôsob starostlivosti o zákazníka - je zameraný na rozvoj trhových vzťahov alebo vzťahov k zákazníkovi. Špecifiká, účinnosť, postupy, "direct marketing". Nákup osvedčeného prispôsobeného softwarového produktu, naplnenie podnikovými údajmi, osvojenie pracovníkmi. Funkcie relačného databázového užívateľsky orientovaného systému. Produkt MARKETING MANAGER, česká verzia a jej rozširovanie, poradenské služby pre užívateľov. | ||
| 610 | 2 | 0 | |a zákazníci |
| 610 | 2 | 0 | |a marketing |
| 610 | 2 | 0 | |a komunikácia |
| 610 | 2 | 0 | |a systémy informačné |
| 610 | 2 | 0 | |a trh predávajúceho |
| 610 | 2 | 0 | |a báza dát |
| 610 | 2 | 0 | |a technika výpočtová |
| 100 | 1 | |a Jelínek, J. | |